000 00374nam a2200133 a 4500
005 20141022142009.0
008 120229s19uu xx 00 eng d
050 _aCD
_bG822 2008
100 _aGregory, Gayle
245 _aDifferentiated instructional strategies /
_cGayle Gregory, Elizabeth Hammerman.
260 _c2008.
700 _aHammerman, Elizabeth
942 _cAVM
999 _c276653
_d276653